Pokemony typu... #2 - Statystyki

Ogólne statystyki
  • Ten quiz został rozwiązany 75 razy
    56 od ostatniego zresetowania
  • Średni wynik to 30 z 109
Statystyki odpowiedzi
Pokemon % Poprawnych
Mew
83%
Mewtwo
83%
Abra
81%
Kadabra
81%
Alakazam
77%
Hypno
68%
Drowzee
62%
Ralts
60%
Slowbro
60%
Slowpoke
60%
Mr. Mime
57%
Celebi
55%
Gardevoir
55%
Mega Gardevoir
55%
Espeon
51%
Kirlia
51%
Slowking
51%
Gallade
49%
Jynx
49%
Exeggutor
45%
Lugia
43%
Mega Gallade
43%
Exeggcute
38%
Metagross
38%
Latias
36%
Latios
36%
Mega Latias
36%
Mega Latios
36%
Alolański Raichu
34%
Beldum
34%
Metang
34%
Mime Jr.
34%
Gothita
32%
Natu
32%
Xatu
32%
Deoxys (Forma Ataku)
30%
Deoxys (Forma Obrony)
30%
Deoxys (Forma Szybkości)
30%
Deoxys (Normalna Forma)
30%
Girafarig
30%
Meditite
30%
Wobbuffet
30%
Medicham
28%
Mega Medicham
28%
Starmie
28%
Gothitelle
26%
Grumpig
26%
Jirachi
26%
Meowstic
26%
Delphox
23%
Duosion
23%
Gothorita
23%
Lunatone
23%
Mr. Rime
23%
Munna
23%
Spoink
23%
Uxie
23%
Wynaut
23%
Azelf
21%
Cresselia
21%
Lunala
21%
Musharna
21%
Solosis
21%
Solrock
21%
Unown
21%
Espurr
19%
Malamar
19%
Mesprit
19%
Necrozma
19%
Necrozma Grzywy Zmierzchu
19%
Necrozma Skrzydeł Świtu
19%
Solgaleo
19%
Ultra Necrozma
19%
Victini
19%
Baltoy
17%
Bronzong
17%
Reuniclus
17%
Smoochum
17%
Tapu Lele
17%
Claydol
15%
Inkay
15%
Oricorio (Styl Pa'u)
15%
Elgyem
13%
Hoopa
13%
Meloetta (Forma Arii)
13%
Beheeyem
11%
Sigilyph
11%
Bruxish
9%
Calyrex
9%
Calyrex (Jeździec Cienia)
9%
Calyrex (Jeździec Lodu)
9%
Chimecho
9%
Cosmoem
9%
Cosmog
9%
Dottler
9%
Gigantamax Orbeetle
9%
Orbeetle
9%
Swoobat
9%
Oranguru
6%
Woobat
6%
Darmanitan
4%
Hatterene
4%
Galariański Articuno
2%
Gigantamax Hatterene
2%
Hatenna
2%
Hattrem
2%
Mega Metagross
2%
Indeedee
0%
Nie znaleziono quizów pasujących do podanych kryteriów
Rozkład punktacji
Procent ludzi z każdym wynikiem
Percentyl według liczby udzielonych odpowiedzi
Twoja historia wyników
Nie rozwiązałeś tego quizu od ostatniego zresetowania